000 00577pam a2200193 4500
001 2177
005 20181127164711.0
008 820419s1982 nyu b 001 0 eng
010 _a 82007414
020 _a0801413222
020 _a0801492017 (pbk.)
100 1 _aCuller, Jonathan D.
245 1 0 _aOn deconstruction :
_btheory and criticism after structuralism /
_cJonathan Culler.
260 _aIthaca, N.Y. :
_bCornell University Press,
_c1982.
300 _a307 p. ;
_c23 cm.
500 _aIncludes index.
504 _aBibliography: p. 281-302.
650 0 _aDeconstruction.
999 _c1721
_d1721